01121nam a2200289 a 4500001001200000003000800012006001900020007001500039008004100054020001800095040002100113035002100134050002600155100001800181245008300199260005000282300001100332504004100343533015200384650004000536650003800576650002600614655002900640710001700669856012600686999001900812ebr10415544CaPaEBRm u cr cn|||||||||101014s2010 ii sb 000 0 eng d z9789350245637 aCaPaEBRcCaPaEBR a(OCoLC)69634211514aHD2755.5b.R36 2010eb1 aSubba Rao, P.10aIntroduction to international businessh[electronic resource] /cP. Subba Rao. aMumbai [India] :bHimalaya Pub. House,c2010. a217 p. aIncludes bibliographical references. aElectronic reproduction.bPalo Alto, Calif. :cebrary,d2010.nAvailable via World Wide Web.nAccess may be limited to ebrary affiliated libraries. 0aInternational business enterprises. 0aInternational economic relations. 0aInvestments, Foreign. 7aElectronic books.2local2 aebrary, Inc.40uhttp://site.ebrary.com/lib/rucke/Doc?id=10415544zAn electronic book accessible through the World Wide Web; click to view c189063d189063